Meteorological factors affecting the epidemology of wheat rusts ; report /
| Corporate Author: | |
|---|---|
| Other Authors: | |
| Format: | Book |
| Language: | English |
| Published: |
Geneva :
Secretariat of the World Meteorological Organization,
1969.
|
| Series: | Technical note (World Meteorological Organization) ;
no. 99. WMO (Series) ; no. 238. WMO (Series). TP ; 130. |
| Subjects: |
MARC
| Tag | First Indicator | Second Indicator | Subfields |
|---|---|---|---|
| LEADER | 00000cam a2200000 4500 | ||
| 001 | in00002043749 | ||
| 005 | 20151101061213.0 | ||
| 008 | 720215s1969 sz ab b 000 0 eng | ||
| 010 | |a 76886464 | ||
| 015 | |a Sw*** | ||
| 035 | |a (OCoLC)ocm00258220 | ||
| 040 | |a DLC |c DLC |d OCLCQ |d TXA |d UtOrBLW | ||
| 041 | 0 | |a eng |b fre |b rus |b spa | |
| 049 | |a TXAM | ||
| 050 | 0 | 0 | |a QC851 |b .W6445 no. 238 |a SB608.W5 |
| 082 | 0 | |a 551.5/08 s |a 633/.11/9425 | |
| 090 | |a QC851 |b .W6446 no.99 | ||
| 110 | 2 | |a World Meteorological Organization. |b Working Group on Meteorological Factors Affecting the Epidemology of Wheat Rusts. | |
| 245 | 1 | 0 | |a Meteorological factors affecting the epidemology of wheat rusts ; |b report / |c Prepared by W.H. Hogg, chairman [and others]. |
| 264 | 1 | |a Geneva : |b Secretariat of the World Meteorological Organization, |c 1969. | |
| 300 | |a xvi, 143 pages : |b illustrations, maps. ; |c 28 cm. | ||
| 336 | |a text |b txt |2 rdacontent | ||
| 337 | |a unmediated |b n |2 rdamedia | ||
| 338 | |a volume |b nc |2 rdacarrier | ||
| 490 | 1 | |a World Meteorological Organization. Technical note ; |v no. 99 | |
| 490 | 1 | |a WMO [publications] ; |v no. 238, TP. 130 | |
| 500 | |a Summaries in French, Russian, and Spanish. | ||
| 504 | |a Bibliography: pages 118-143. | ||
| 650 | 0 | |a Wheat rusts. | |
| 650 | 0 | |a Meteorology, Agricultural. | |
| 700 | 1 | |a Hogg, W. H. |q (William Henry), |d 1910- | |
| 830 | 0 | |a Technical note (World Meteorological Organization) ; |v no. 99. | |
| 830 | 0 | |a WMO (Series) ; |v no. 238. | |
| 830 | 0 | |a WMO (Series). |p TP ; |v 130. | |
| 994 | |a E0 |b TXA | ||
| 948 | |a cataloged |b h |c 2005/4/22 |d c |e jlanham |f 9:16:41 am | ||
| 999 | |a MARS | ||
| 999 | f | f | |s ea032b40-1154-304c-b67c-b7f4df18635d |i d7a0a24f-950a-3651-b54a-0263ec1f6eae |t 0 |
| 952 | f | f | |p normal |a Texas A&M University |b College Station |c Sterling C. Evans Library |d Evans: Library Stacks |t 0 |e QC851 .W6446 no.99 |h Library of Congress classification |i unmediated -- volume |m A14832638713 |
| 998 | f | f | |a QC851 .W6446 no.99 |t 0 |l Evans: Library Stacks |